Top 10 KEBAB - Statystyki

Ogólne statystyki
  • Ten quiz został rozwiązany 18 razy
  • Średni wynik to 2 z 10
Statystyki odpowiedzi
L.p. Odpowiedzi % Poprawnych
1 Zahir
59%
6 Bafra Kebab
35%
5 Berlin
35%
3 Kebab King
24%
8 BD King
12%
2 Royal
12%
7 Burger King
6%
10 Sułtan
6%
9 Am Am Kebab
0%
4 Carat
0%
Nie znaleziono quizów pasujących do podanych kryteriów
Rozkład punktacji
Procent ludzi z każdym wynikiem
Percentyl według liczby udzielonych odpowiedzi
Twoja historia wyników
Nie rozwiązałeś tego quizu